<?xml version="1.0" encoding="UTF-8"?>
<record
    xmlns:xsi="http://www.w3.org/2001/XMLSchema-instance"
    xsi:schemaLocation="http://www.loc.gov/MARC21/slim http://www.loc.gov/standards/marcxml/schema/MARC21slim.xsd"
    xmlns="http://www.loc.gov/MARC21/slim">

  <leader>00771nam a22002297a 4500</leader>
  <controlfield tag="005">20251020115506.0</controlfield>
  <controlfield tag="008">251018b        |||||||| |||| 00| 0 eng d</controlfield>
  <datafield tag="017" ind1=" " ind2=" ">
    <subfield code="a">LD.1858</subfield>
  </datafield>
  <datafield tag="018" ind1=" " ind2=" ">
    <subfield code="a">2025</subfield>
  </datafield>
  <datafield tag="020" ind1=" " ind2=" ">
    <subfield code="a">9789787842089</subfield>
  </datafield>
  <datafield tag="040" ind1=" " ind2=" ">
    <subfield code="a">NLN</subfield>
    <subfield code="b">English</subfield>
    <subfield code="e">AACR2</subfield>
  </datafield>
  <datafield tag="050" ind1=" " ind2=" ">
    <subfield code="a">DT515.77.A581</subfield>
    <subfield code="b">A3</subfield>
  </datafield>
  <datafield tag="082" ind1=" " ind2=" ">
    <subfield code="a">923.5</subfield>
  </datafield>
  <datafield tag="100" ind1=" " ind2=" ">
    <subfield code="a">ANGAYE, Eric</subfield>
    <subfield code="e">aut</subfield>
    <subfield code="9">68127</subfield>
  </datafield>
  <datafield tag="245" ind1=" " ind2=" ">
    <subfield code="a">The masters gunner :</subfield>
    <subfield code="b">an autobiography of master warrant officer Nathan Diinikpete officer Angaye /</subfield>
    <subfield code="c">Eric Angaye</subfield>
  </datafield>
  <datafield tag="260" ind1=" " ind2=" ">
    <subfield code="a">Area 3, Abuja (Suite A17, Nkweagu Plaza) :</subfield>
    <subfield code="b">Dutrun Wave,</subfield>
    <subfield code="c">2023</subfield>
  </datafield>
  <datafield tag="300" ind1=" " ind2=" ">
    <subfield code="a">vii, 203p. :</subfield>
    <subfield code="b">ill., col. ports. ; 20cm.</subfield>
  </datafield>
  <datafield tag="563" ind1=" " ind2=" ">
    <subfield code="a">(pbk.)</subfield>
  </datafield>
  <datafield tag="650" ind1=" " ind2=" ">
    <subfield code="a">Angaye, Nathan Diinikpete, 1945-</subfield>
    <subfield code="9">68162</subfield>
  </datafield>
  <datafield tag="650" ind1=" " ind2=" ">
    <subfield code="a">Military Officers</subfield>
    <subfield code="v">Nigeria</subfield>
    <subfield code="x">Biography</subfield>
    <subfield code="9">54773</subfield>
  </datafield>
  <datafield tag="942" ind1=" " ind2=" ">
    <subfield code="c">BK</subfield>
    <subfield code="n">0</subfield>
  </datafield>
  <datafield tag="999" ind1=" " ind2=" ">
    <subfield code="c">33480</subfield>
    <subfield code="d">33480</subfield>
  </datafield>
  <datafield tag="952" ind1=" " ind2=" ">
    <subfield code="0">0</subfield>
    <subfield code="1">0</subfield>
    <subfield code="2">lcc</subfield>
    <subfield code="4">0</subfield>
    <subfield code="7">0</subfield>
    <subfield code="a">ABJ</subfield>
    <subfield code="b">MAIN</subfield>
    <subfield code="d">2025-10-18</subfield>
    <subfield code="e">Legal deposit</subfield>
    <subfield code="i">278615</subfield>
    <subfield code="l">0</subfield>
    <subfield code="o">DT515.77.A581 A3</subfield>
    <subfield code="p">278615</subfield>
    <subfield code="r">2025-10-18 09:44:03</subfield>
    <subfield code="t">1</subfield>
    <subfield code="w">2025-10-18</subfield>
    <subfield code="y">BK</subfield>
  </datafield>
  <datafield tag="952" ind1=" " ind2=" ">
    <subfield code="0">0</subfield>
    <subfield code="1">0</subfield>
    <subfield code="2">lcc</subfield>
    <subfield code="4">0</subfield>
    <subfield code="7">0</subfield>
    <subfield code="a">EKI</subfield>
    <subfield code="b">MAIN</subfield>
    <subfield code="d">2025-10-18</subfield>
    <subfield code="e">Legal deposit</subfield>
    <subfield code="i">278616</subfield>
    <subfield code="l">0</subfield>
    <subfield code="o">DT515.77.A581 A3</subfield>
    <subfield code="p">278616</subfield>
    <subfield code="r">2025-10-18 10:06:58</subfield>
    <subfield code="t">1</subfield>
    <subfield code="w">2025-10-18</subfield>
    <subfield code="y">BK</subfield>
  </datafield>
  <datafield tag="952" ind1=" " ind2=" ">
    <subfield code="0">0</subfield>
    <subfield code="1">0</subfield>
    <subfield code="2">lcc</subfield>
    <subfield code="4">0</subfield>
    <subfield code="7">0</subfield>
    <subfield code="a">ENU</subfield>
    <subfield code="b">MAIN</subfield>
    <subfield code="d">2025-10-18</subfield>
    <subfield code="e">Legal deposit</subfield>
    <subfield code="i">278614</subfield>
    <subfield code="l">0</subfield>
    <subfield code="o">DT515.77.A581 A3</subfield>
    <subfield code="p">278614</subfield>
    <subfield code="r">2025-10-18 10:07:49</subfield>
    <subfield code="t">1</subfield>
    <subfield code="w">2025-10-18</subfield>
    <subfield code="y">BK</subfield>
  </datafield>
</record>
